Reflexiones italianas sobre el subdesarrollo. La revolución liberal de Pirto Gobertti /

Este artículo presenta al lector latinoamericano el pensamiento del liberal italiano Piero Goberti (Turín 1900-París 1926), quien fuera amigo cercano de Antonio Gramsci y uno de los principales inspiradores del peruano José Carlos Mariátegui. Su libro más significativo, La Rivoluzione Liberale había...

全面介绍

Guardado en:
书目详细资料
主要作者: Varela Petito, Gonzalo
格式: Texto
主题:
标签: 添加标签
没有标签, 成为第一个标记此记录!

MARC

LEADER 00000 a a2200000 04500
001 41675
003
040
100 |a Varela Petito, Gonzalo  
245 |a Reflexiones italianas sobre el subdesarrollo.   |b La revolución liberal de Pirto Gobertti /  |c Gonzalo Varela Petito  
520 |a Este artículo presenta al lector latinoamericano el pensamiento del liberal italiano Piero Goberti (Turín 1900-París 1926), quien fuera amigo cercano de Antonio Gramsci y uno de los principales inspiradores del peruano José Carlos Mariátegui. Su libro más significativo, La Rivoluzione Liberale había permanecido hasta fechas recientes inédito en castellano, no obstante que Goberti concibió ideas que - como entendió Mariátegui- pueden servir también al análisis de las formaciones latinoamericanas.  
590 |a RRA/AGOSTO2011  
650 |a 1.PIERO GOBERTI  
650 |a 2.LIBERALISMO  
650 |a 3.TEORIA POLITICA  
650 |a 4.MARXISMO  
773 |g volumen18, número36 (2010), páginas 9-41  
999 |c 19869  |d 19869